000 01452cam a22003737a 4500
003 CHAP
005 20220329134133.0
008 971013s1981 r 00010 d
010 _a15966
011 _a16938
035 _a21020
040 _cCHAP
090 _aTesis
100 0 0 _aGuevara Botello, José Manuel.
_951298
245 0 _aComparación y evaluación de rendimientos y caracteres fenotípicos de 126 posibles mutantes y variedades de ajonjolí (Sesemum indicum L.) en la M-3, obtenidos por irradiación Gamma (Fuente Co60) en Apodaca, N.L., verano de 1980
260 _aMonterrey, N.L., :
_bEl autor,
_c1981
300 _a71 h.
_b; apénd
502 _aTesis (Ing. Agr.
502 _aTesis (Ing. Agr. en Producción Agropecuaria) -- ITESM. División de Ciencias Agropecuarias y Marítimas
590 _aALEPH
_b10
_c20130110
_lUCH01
_h1238
590 _aBATCH-UPD
_b10
_c20130110
_lUCH01
_h0110
590 _aBATCH-UPD
_b10
_c20130110
_lUCH01
_h0933
590 _aBATCH-UPD
_b10
_c20130409
_lUCH01
_h2102
590 _aBATCH-UPD
_b10
_c20130410
_lUCH01
_h0551
590 _aBATCH-UPD
_b10
_c20130913
_lUCH01
_h2332
590 _aCONVERSION
_b10
_c20130109
_lUCH01
_h1310
650 1 4 _aAjonjolí
_xGenetica.
_93236
650 1 4 _aAjonjolí
_xRendimiento.
_93250
650 1 4 _aMutación en plantas.
_979907
650 1 4 _aRayos gamma
_xEfectos fisiológicos.
_994860
901 _aBK
942 _cTESIS
949 _bBC
_cTES
_d-49058
_eTS1
_i21020
_si
999 _c15966
_d15966